| 000 | 00567nam a2200157 i 4500 | ||
|---|---|---|---|
| 001 | 24956 | ||
| 003 | ES-MaACL | ||
| 005 | 20230906153152.0 | ||
| 007 | t| | ||
| 008 | 021219s1886 sp ||||1| spa d | ||
| 245 | 0 | 0 |
_aApuntes biográficos de D. Félix Lomas Martín, diputado a Cortes por el distrito de Velez-Málaga / _credactados or una comisión de contribuyentes. |
| 260 |
_aMadrid : _b[s.n., _c1886] ( _fImp. Fortanet) |
||
| 300 |
_a31 p. ; _c22 cm. |
||
| 600 | 1 | 4 |
_aLomas Martín, Félix. _9161601 |
| 852 |
_aES-MaACL _jL-4905 (12-9) |
||
| 999 |
_c24956 _d24956 |
||